[Event "Moscow Youth U19 2019"]
[Site "Moscow"]
[Date "2019.11.24"]
[Round "7.6"]
[White "Miroshnik, Ekaterina"]
[Black "Orlov, Aleksandr"]
[Result "1-0"]
[WhiteElo "2127"]
[BlackElo "1965"]
[Annotator "TA"]
[PlyCount "167"]
[EventDate "2019.11.18"]
[EventType "swiss"]
[EventCountry "RUS"]
[SourceTitle "playchess.com"]
[Source "ChessBase"]
[SourceQuality "1"]

{[%evp 15,167,33,37,27,34,31,31,28,32,25,35,-4,64,55,79,60,66,63,87,77,87,37,56,55,62,39,45,45,47,54,47,28,33,38,39,0,18,0,5,0,70,0,11,-4,-6,-58,0,0,11,-25,0,-8,-8,-8,-8,-8,0,0,0,0,0,0,0,-8,0,0,0,-27,66,66,52,45,219,55,112,88,88,88,94,12,12,0,88,94,102,12,12,14,518,506,689,686,631,584,333,0,0,0,0,0,1,0,0,0,0,0,0,0,0,0,0,0,0,0,0,0,0,0,0,0,0,0,0,0,0,0,0,0,0,0,8,8,37,55,66,62,29971,29973,29972,75,75,0,29972,29968,29976,29977,29979,29980,29980,29981,29982,29981,29980,29974]} 1. d4 f5 2. c4 Nf6 3. Nf3 e6 4. e3 d5 5. Bd3 c6 6. Nc3 Bd6 7. O-O O-O 8. b3 Ne4 9. Ne2 {[%cal Bc3e2,Be2f4,Bf4d3,Bd3e5][%mdl 32] A85: Dutch Defence: 2 c4 Nf6 3 Nc3} Qe7 10. Bb2 Nd7 11. Nf4 {White is slightly better.} Rf6 $146 ({Predecessor:} 11... g5 12. Nh5 Ndf6 13. Ne5 Bd7 14. Nxf6+ Nxf6 15. Qe2 a5 16. f3 a4 {½-½ (50) Lysyj,I (2618)-Yudin,S (2513) Khanty-Mansiysk 2017}) 12. Ne5 Rh6 13. Be2 Nef6 (13... b6 $11) 14. Rc1 Nf8 15. Rc2 Bd7 16. Nfd3 g5 17. g3 Ng6 18. f4 Ne4 19. Nxd7 Qxd7 20. Ne5 Qg7 21. Bd3 {Black must now prevent Bxe4.} gxf4 22. exf4 Rf8 23. Rg2 Nxe5 24. fxe5 {Threatens to win with Bxe4.} Be7 25. Bc1 Bg5 26. Bxg5 Nxg5 27. Kh1 Nh3 (27... Kh8 $11) 28. Qd2 (28. Qc1 $14) 28... Rg6 29. Rc1 Rg5 30. Bf1 (30. Rf1 $11) 30... Rg6 (30... f4 $1 $15 31. gxf4 Nxf4 32. Rxg5 Qxg5) 31. cxd5 $11 exd5 32. b4 (32. Bd3 $5 {[%cal Rc1f1]}) 32... a6 33. a4 f4 34. gxf4 $1 Nxf4 35. Rxg6 Qxg6 36. Re1 Kh8 37. Qe3 Rg8 38. Qf2 Rf8 39. Qe3 Rg8 40. Qf2 Rf8 41. Bg2 (41. Qe3 {is more complex.}) 41... Qxg2+ (41... Kg7 $11 42. Qd2 Qd3) 42. Qxg2 $14 Nxg2 43. Kxg2 $11 {[%mdl 4096] Endgame KR-KR} Kg8 $2 ({Better is} 43... Kg7 $14) 44. Kg3 $2 ({White must play} 44. Rf1 $1 $18) 44... Rf5 (44... Kg7 $14) 45. b5 axb5 46. axb5 Rg5+ 47. Kf3 ({White should play} 47. Kf4 $16 Rh5 48. bxc6 bxc6 49. Rc1) 47... Rf5+ 48. Kg3 (48. Kg4 $11 Rf2 49. Ra1) 48... Rg5+ $1 $16 49. Kf4 Rg2 {[#]} 50. bxc6 (50. Ra1 $1 $16 cxb5 51. Ra8+ Kf7 52. Rd8) 50... bxc6 $11 51. Rc1 Re2 $2 {[%mdl 8192]} (51... Rxh2 $11 {and Black is okay.} 52. Rxc6 Rh4+ 53. Kf5 Rxd4) 52. Rxc6 $18 Re4+ 53. Kf5 Rxd4 54. Rc8+ Kf7 {[#]} 55. e6+ $2 (55. Rc7+ $1 $18 Kf8 56. Rxh7) 55... Ke7 $11 56. Rc7+ Ke8 57. Ke5 ({But not} 57. Rxh7 $6 Rd2 $16) 57... Ra4 58. Rxh7 Ra2 59. Rh8+ Ke7 60. Rh7+ Ke8 61. Kd6 {[%cal Rh7h8]} Ra6+ 62. Kxd5 Ra5+ 63. Kd6 {[%cal Rh7h8]} Ra6+ 64. Ke5 Ra2 65. h4 Re2+ 66. Kf5 Rf2+ 67. Kg5 Rg2+ 68. Kf4 (68. Kf6 {looks sharper.} Rf2+ 69. Kg7 Ke7 70. h5 Kxe6 71. Rh6+) 68... Re2 69. Rh6 {aiming for Rg6.} Ke7 70. Kf5 Rf2+ 71. Kg5 {Strongly threatening Rg6.} Rg2+ 72. Kh5 Re2 73. Rg6 {Hoping for Kg5.} Re4 74. Kg5 {h5 is the strong threat.} Re1 75. Kh6 {And now h5 would win.} Rh1 $2 {[%mdl 8192]} (75... Re5 $14 76. Rg5 Rxe6+ 77. Kg7 Re2) 76. h5 Rh2 77. Kg5 $2 (77. Rg5 {mates} Kxe6 78. Kg7 Rf2 79. h6 Rf7+ 80. Kg8 Re7 81. h7 Kf6 82. h8=Q+ Kxg5 83. Kf8) 77... Rh1 $16 78. Kh6 $2 {[%mdl 8192]} (78. h6 $16) 78... Rh2 $1 79. Rg1 {White mates.} Kxe6 80. Kg6 Ra2 81. h6 Ra8 82. h7 Rb8 83. Re1+ Kd5 84. Re7 {Accuracy: White = 44%, Black = 42%.} 1-0

[Event "Moscow Youth U19 2019"]
[Site "Moscow"]
[Date "2019.11.24"]
[Round "7.7"]
[White "Rysaev, Danial"]
[Black "Nikolaev, Daniil"]
[Result "1-0"]
[WhiteElo "2029"]
[BlackElo "1867"]
[Annotator "NA"]
[PlyCount "47"]
[EventDate "2019.11.18"]
[EventType "swiss"]
[EventCountry "RUS"]
[SourceTitle "playchess.com"]
[Source "ChessBase"]
[SourceQuality "1"]
[TimeControl "5400+30"]

1. d4 {[%emt 0:04:02]} d5 {[%emt 0:00:00]} 2. c4 {[%emt 0:00:08]} Nc6 {[%emt 0:00:00]} 3. Nf3 {[%emt 0:00:17]} Bg4 {[%emt 0:00:00]} 4. Nc3 {[%emt 0:00:05]} e6 {[%emt 0:00:31]} 5. cxd5 {[%emt 0:00:10]} exd5 {[%emt 0:00:05]} 6. Qb3 {[%emt 0:00:07]} Bxf3 {[%emt 0:00:33]} 7. exf3 {[%emt 0:00:04]} Nxd4 {[%emt 0:01:01]} 8. Qa4+ {[%emt 0:00:05]} Nc6 {[%emt 0:00:15]} 9. Ba6 {[%emt 0:00:03]} Qc8 {[%emt 0:18:13]} 10. O-O {[%emt 0:01:19]} Nge7 {[%emt 0:11:59]} 11. Re1 {[%emt 0:00:10]} Kd8 {[%emt 0:03:17]} 12. Bf4 {[%emt 0:39:56]} bxa6 {[%emt 0:09:30]} 13. Nxd5 {[%emt 0:00:13]} Qb7 {[%emt 0:35:31]} 14. Nxc7 {[%emt 0:01:05]} g5 {[%emt 0:03:59]} 15. Bg3 {[%emt 0:00:19]} Kc8 {[%emt 0:12:36]} 16. Rac1 {[%emt 0:00:40]} f5 {[%emt 0:00:00]} 17. Bd6 {[%emt 0:02:01]} Kd7 {[%emt 0:00:00]} 18. Be5 {[%emt 0:00:52]} Rd8 {[%emt 0:00:00]} 19. Nxa6 {[%emt 0:01:44]} Ng6 {[%emt 0:00:03]} 20. Bf6 {[%emt 0:01:41]} Bd6 {[%emt 0:01:04]} 21. Red1 {[%emt 0:00:41]} Ke8 {[%emt 0:01:12]} 22. Bxd8 {[%emt 0:00:11]} Kxd8 {[%emt 0:00:07]} 23. Rxd6+ {[%emt 0:00:09]} Ke7 {[%emt 0:00:35]} 24. Rdxc6 {[%emt 0:00:12]} 1-0

[Event "Moscow Youth U19 2019"]
[Site "Moscow"]
[Date "2019.11.24"]
[Round "7.8"]
[White "Sekoyan, Vachagan"]
[Black "Kozhukhov, Alexandr"]
[Result "1/2-1/2"]
[WhiteElo "2084"]
[BlackElo "1627"]
[Annotator "NA"]
[PlyCount "87"]
[EventDate "2019.11.18"]
[EventType "swiss"]
[EventCountry "RUS"]
[SourceTitle "playchess.com"]
[Source "ChessBase"]
[SourceQuality "1"]
[TimeControl "5400+30"]

1. c4 {[%emt 0:00:00]} Nf6 {[%emt 0:01:42]} 2. Nc3 {[%emt 0:00:00]} e6 {[%emt 0:00:13]} 3. d4 {[%emt 0:00:00]} c5 {[%emt 0:00:05]} 4. d5 {[%emt 0:00:00]} exd5 {[%emt 0:00:07]} 5. cxd5 {[%emt 0:00:00]} d6 {[%emt 0:00:07]} 6. e4 {[%emt 0:00:07]} g6 {[%emt 0:00:04]} 7. f4 {[%emt 0:00:16]} Bg7 {[%emt 0:00:18]} 8. Bb5+ {[%emt 0:00:06]} Nfd7 {[%emt 0:00:15]} 9. Nf3 {[%emt 0:00:37]} O-O {[%emt 0:00:59]} 10. O-O {[%emt 0:00:05]} a6 {[%emt 0:01:10]} 11. Bd3 {[%emt 0:00:29]} b5 {[%emt 0:01:14]} 12. Kh1 {[%emt 0:04:04]} c4 {[%emt 0:01:57]} 13. Bc2 {[%emt 0:00:38]} Re8 {[%emt 0:02:30]} 14. a3 {[%emt 0:06:08]} Nc5 {[%emt 0:01:20]} 15. Be3 {[%emt 0:12:33]} Nxe4 {[%emt 0:05:53]} 16. Nxe4 {[%emt 0:18:34]} f5 {[%emt 0:11:48]} 17. Bd4 {[%emt 0:05:21]} fxe4 {[%emt 0:00:35]} 18. Ng5 {[%emt 0:03:46]} Bf5 {[%emt 0:27:16]} 19. Re1 {[%emt 0:06:48]} Bxd4 {[%emt 0:03:58]} 20. Qxd4 {[%emt 0:00:18]} Nd7 {[%emt 0:00:57]} 21. Bxe4 {[%emt 0:10:42]} Qf6 {[%emt 0:03:04]} 22. Qxf6 {[%emt 0:06:10]} Nxf6 {[%emt 0:00:21]} 23. Bf3 {[%emt 0:00:16]} h6 {[%emt 0:05:44]} 24. Ne6 {[%emt 0:00:17]} Ra7 {[%emt 0:00:53]} 25. Nd4 {[%emt 0:17:46]} Rae7 {[%emt 0:02:29]} 26. Rxe7 {[%emt 0:00:28]} Rxe7 {[%emt 0:00:04]} 27. Kg1 {[%emt 0:02:32]} Re3 {[%emt 0:28:27]} 28. Rd1 {[%emt 0:02:00]} Be4 {[%emt 0:00:00]} 29. Kf2 {[%emt 0:01:15]} Bxf3 {[%emt 0:00:00]} 30. gxf3 {[%emt 0:00:32]} Nxd5 {[%emt 0:00:00]} 31. Nxb5 {[%emt 0:02:45]} axb5 {[%emt 0:00:00]} 32. Rxd5 {[%emt 0:00:01]} Rb3 {[%emt 0:00:00]} 33. Rxd6 {[%emt 0:00:52]} Rxb2+ {[%emt 0:00:00]} 34. Ke3 {[%emt 0:00:50]} Rxh2 {[%emt 0:00:00]} 35. Rxg6+ {[%emt 0:00:09]} Kf7 {[%emt 0:00:00]} 36. Rb6 {[%emt 0:00:18]} Rb2 {[%emt 0:00:00]} 37. Rxh6 {[%emt 0:00:53]} Rb3+ {[%emt 0:00:00]} 38. Ke4 {[%emt 0:00:27]} Rxa3 {[%emt 0:00:00]} 39. Rb6 {[%emt 0:00:33]} Rb3 {[%emt 0:00:00]} 40. f5 {[%emt 0:00:21]} c3 {[%emt 0:00:00]} 41. Kd3 {[%emt 0:00:54]} b4 {[%emt 0:00:00]} 42. Kc2 {[%emt 0:00:34]} Rb2+ {[%emt 0:00:00]} 43. Kc1 {[%emt 0:00:05]} b3 {[%emt 0:08:00]} 44. f6 {[%emt 0:01:30]} 1/2-1/2

[Event "Moscow Youth U19 2019"]
[Site "Moscow"]
[Date "2019.11.24"]
[Round "7.9"]
[White "Budnichenko, Vladimir"]
[Black "Zavialov, Nikita A."]
[Result "0-1"]
[WhiteElo "1489"]
[BlackElo "2066"]
[Annotator "NA"]
[PlyCount "74"]
[EventDate "2019.11.18"]
[EventType "swiss"]
[EventCountry "RUS"]
[SourceTitle "playchess.com"]
[Source "ChessBase"]
[SourceQuality "1"]
[TimeControl "5400+30"]

1. e4 {[%emt 0:00:00]} c5 {[%emt 0:00:00]} 2. Nf3 {[%emt 0:00:00]} Nc6 {[%emt 0:00:00]} 3. Bb5 {[%emt 0:00:00]} g6 {[%emt 0:00:00]} 4. Bxc6 {[%emt 0:00:00]} bxc6 {[%emt 0:00:00]} 5. O-O {[%emt 0:00:00]} Bg7 {[%emt 0:05:29]} 6. Re1 {[%emt 0:00:00]} e5 {[%emt 0:02:16]} 7. c3 {[%emt 0:00:00]} Qb6 {[%emt 0:06:04]} 8. Na3 {[%emt 0:07:58]} Ba6 {[%emt 0:00:56]} 9. d3 {[%emt 0:01:09]} Ne7 {[%emt 0:01:40]} 10. Nc4 {[%emt 0:05:30]} Bxc4 {[%emt 0:00:53]} 11. dxc4 {[%emt 0:00:03]} Rd8 {[%emt 0:02:45]} 12. Qc2 {[%emt 0:07:54]} O-O {[%emt 0:01:20]} 13. Bg5 {[%emt 0:03:10]} f6 {[%emt 0:01:01]} 14. Be3 {[%emt 0:00:12]} d5 {[%emt 0:02:12]} 15. cxd5 {[%emt 0:01:14]} cxd5 {[%emt 0:00:05]} 16. exd5 {[%emt 0:02:10]} Nxd5 {[%emt 0:01:22]} 17. b4 {[%emt 0:07:24]} Nxe3 {[%emt 0:01:40]} 18. Rxe3 {[%emt 0:00:03]} c4 {[%emt 0:05:16]} 19. Qe2 {[%emt 0:09:00]} Qa6 {[%emt 0:09:34]} 20. Nd2 {[%emt 0:54:13]} Bh6 {[%emt 0:02:05]} 21. Qxc4+ {[%emt 0:00:00]} Qxc4 {[%emt 0:00:07]} 22. Nxc4 {[%emt 0:00:00]} Bxe3 {[%emt 0:00:45]} 23. Nxe3 {[%emt 0:00:00]} Rd2 {[%emt 0:01:10]} 24. a4 {[%emt 0:00:00]} Rfd8 {[%emt 0:09:03]} 25. Kf1 {[%emt 0:00:00]} Kf7 {[%emt 0:01:51]} 26. c4 {[%emt 0:00:00]} f5 {[%emt 0:11:00]} 27. c5 {[%emt 0:00:00]} Ke6 {[%emt 0:02:06]} 28. b5 {[%emt 0:00:00]} f4 {[%emt 0:01:08]} 29. Nc4 {[%emt 0:00:00]} Rd1+ {[%emt 0:00:10]} 30. Rxd1 {[%emt 0:00:00]} Rxd1+ {[%emt 0:00:04]} 31. Ke2 {[%emt 0:00:00]} Rd4 {[%emt 0:00:36]} 32. Nb2 {[%emt 0:00:00]} Rb4 {[%emt 0:00:41]} 33. Nd3 {[%emt 0:00:00]} Rxa4 {[%emt 0:00:24]} 34. b6 {[%emt 0:00:00]} Ra2+ {[%emt 0:01:53]} 35. Kf3 {[%emt 0:00:00]} Ra3 {[%emt 0:01:06]} 36. Ke4 {[%emt 0:00:00]} Ra4+ {[%emt 0:01:18]} 37. Kf3 {[%emt 0:00:00]} e4+ {[%emt 0:00:26]} 0-1

[Event "Moscow Youth U19 2019"]
[Site "Moscow"]
[Date "2019.11.24"]
[Round "7.10"]
[White "Talyzin, Valeriy"]
[Black "Agashin, Alexandr"]
[Result "1-0"]
[WhiteElo "1829"]
[BlackElo "1546"]
[Annotator "NA RC"]
[PlyCount "59"]
[EventDate "2019.11.18"]
[EventType "swiss"]
[EventCountry "RUS"]
[SourceTitle "playchess.com"]
[Source "ChessBase"]
[SourceQuality "1"]
[TimeControl "5400+30"]

1. Nf3 {[%emt 0:00:00]} Nf6 {[%emt 0:00:00]} 2. g3 {[%emt 0:00:00]} g6 {[%emt 0:00:00]} 3. Bg2 {[%emt 0:00:00]} Bg7 {[%emt 0:00:00]} 4. O-O {[%emt 0:00:00]} O-O {[%emt 0:00:38]} 5. d3 {[%emt 0:00:00]} d5 {[%emt 0:00:27]} 6. Nc3 {[%emt 0:00:00]} c5 {[%emt 0:02:39]} 7. e4 {[%emt 0:00:00]} dxe4 {[%emt 0:02:26]} 8. Nxe4 {[%emt 0:00:06]} Nxe4 {[%emt 0:00:09]} 9. dxe4 {[%emt 0:00:04]} Nc6 {[%emt 0:00:59]} 10. c3 {[%emt 0:00:02]} e5 {[%emt 0:08:14]} 11. Bg5 {[%emt 0:01:01]} Qb6 {[%emt 0:01:12]} 12. Qc2 {[%emt 0:00:40]} Be6 {[%emt 0:02:46]} 13. Be3 {[%emt 0:00:35]} Qa5 {[%emt 0:03:34]} 14. Ng5 {[%emt 0:04:39]} Bc4 {[%emt 0:05:16]} 15. b4 {[%emt 0:01:09]} cxb4 {[%emt 0:02:41]} 16. cxb4 {[%emt 0:00:21]} Qa6 {[%emt 0:02:55]} 17. Bc5 {[%emt 0:05:53]} Rfd8 {[%emt 0:07:49]} 18. Rfc1 {[%emt 0:01:03]} Bd3 {[%emt 0:03:57]} 19. Qb3 {[%emt 0:00:14]} Rd7 {[%emt 0:04:11]} 20. Bh3 {[%emt 1:24:13]} Rc7 {[%emt 0:50:07]} 21. a4 {[%emt 0:04:01]} Nd8 {[%emt 0:10:49]} 22. b5 {[%emt 0:02:06]} Qf6 {[%emt 0:00:56]} 23. Be3 {[%emt 0:01:59]} Rxc1+ {[%emt 0:03:15]} 24. Rxc1 {[%emt 0:00:04]} Be2 {[%emt 0:02:35]} 25. Rc7 {[%emt 0:00:15]} h6 {[%emt 0:01:18]} 26. Nxf7 {[%emt 0:02:06]} Nxf7 {[%emt 0:00:10]} 27. Rxf7 {[%emt 0:00:08]} Bd1 {[%emt 0:02:08]} 28. Qd5 {[%emt 0:03:51]} Rd8 {[%emt 0:02:21]} 29. Rd7+ {[%emt 0:00:22]} Kh7 {[%emt 0:00:07]} 30. Rxd8 {[%emt 0:00:06]} 1-0

[Event "Moscow Youth U19 2019"]
[Site "Moscow"]
[Date "2019.11.25"]
[Round "8.1"]
[White "Makarian, Rudik"]
[Black "Usov, Aleksandr E."]
[Result "1-0"]
[WhiteElo "2405"]
[BlackElo "1930"]
[Annotator "TA"]
[PlyCount "129"]
[EventDate "2019.11.18"]
[EventType "swiss"]
[EventCountry "RUS"]
[SourceTitle "playchess.com"]
[Source "ChessBase"]
[SourceQuality "1"]

{[%evp 9,128,12,35,3,29,13,47,35,66,57,52,52,76,54,60,58,66,63,74,74,59,53,51,18,74,72,69,68,104,82,87,87,87,87,102,92,89,85,91,95,116,116,117,117,100,85,85,85,85,85,85,85,85,71,77,71,68,71,81,81,89,81,373,367,379,379,397,406,408,405,389,380,377,373,335,327,406,362,393,326,366,368,364,369,454,429,716,674,838,825,827,774,29978,29979,29982,29983,29985,29986,29987,29988,29989,29990,29990,29991,29991,29992,29992,29993,29993,29994,29994,29995,29995,29996,29997,29997,29997,29998,29998,29999,29999]} 1. e4 c6 2. Nf3 d5 3. d3 Bg4 4. Nbd2 g6 5. h3 Bxf3 $1 6. Nxf3 $146 {B10: Caro-Kann: 2 d3 and 2 c4} ({Predecessor:} 6. Qxf3 Bg7 7. g3 Nf6 8. Bg2 O-O 9. O-O e5 10. Qe2 Qc7 11. a4 a5 12. b3 Na6 13. Bb2 d4 14. f4 exf4 15. gxf4 Nb4 16. Nc4 b5 17. axb5 cxb5 {1-0 (34) Amin,B (2562)-Jovic,S (2294) ICC INT 2009}) 6... Bg7 7. Be2 e6 8. O-O {White is slightly better.} Nf6 9. e5 Nfd7 10. d4 O-O 11. Bg5 f6 12. exf6 Bxf6 13. Qd2 e5 14. Bh6 Re8 15. dxe5 Nxe5 16. Ng5 Nf7 (16... Nbd7 $11 {remains equal.}) 17. Nxf7 $16 Kxf7 18. c4 Na6 19. cxd5 Qxd5 20. Rad1 {[#] Black must now prevent Qf4.} Qxd2 21. Rxd2 {Threatens to win with Bc4+.} Re4 22. Bxa6 bxa6 23. Be3 Rb8 24. b3 Rb7 25. Rc1 a5 26. Rxc6 a4 27. Rd3 (27. bxa4 {is more complex.} Be5 28. Kf1 Rxa4 29. g3 a5 30. Kg2) 27... axb3 28. Rxb3 Rxb3 29. axb3 {[%mdl 4096] Endgame KRB-KRB} Rb4 30. Rc7+ Kg8 31. Rxa7 Rxb3 32. g4 Rb5 33. Bh6 g5 34. Rd7 Re5 35. Kg2 Re6 $2 {[%mdl 8192] [#]} (35... Be7 $16 {was worth a try.}) 36. Rd5 $18 Bc3 37. Bxg5 Re2 38. Be3 Ra2 39. Rd7 Be5 40. Kf3 Ra4 41. Rd5 Bf6 42. Rf5 Kg7 43. Rf4 Ra3 44. Re4 Kg6 45. Kg3 Ra5 46. f4 Rb5 47. f5+ Kf7 (47... Kg7 $142 48. g5 Rxf5 49. gxf6+ Kf7) 48. g5 Be7 49. Kg4 Bd6 50. h4 Rd5 51. Rd4 {White mates.} Rxd4+ 52. Bxd4 {KB-KB} Bc7 53. h5 Bd8 54. g6+ hxg6 55. fxg6+ Ke6 56. h6 Bf6 57. Bxf6 Kxf6 {KP-KP} 58. Kh5 Kf5 59. h7 Ke6 60. g7 Kf6 61. h8=Q Kf5 62. Qe8 Kf4 63. g8=Q {[%csl Gh5][%cal Rg8g4]} Kf3 64. Qg4+ Kf2 65. Qee2# {Accuracy: White = 81%, Black = 36%.} 1-0

[Event "Moscow Youth U19 2019"]
[Site "Moscow"]
[Date "2019.11.25"]
[Round "8.2"]
[White "Yeritsyan, Aram"]
[Black "Pavlov, Danila"]
[Result "1-0"]
[WhiteElo "2276"]
[BlackElo "2369"]
[Annotator "TA"]
[PlyCount "83"]
[EventDate "2019.11.18"]
[EventType "swiss"]
[EventCountry "RUS"]
[SourceTitle "playchess.com"]
[Source "ChessBase"]
[SourceQuality "1"]

{[%evp 12,83,25,9,20,0,6,6,16,3,14,6,12,0,4,0,6,9,29,27,110,110,101,102,158,99,92,89,97,87,111,94,106,0,0,0,0,-64,-36,-108,0,0,22,10,22,31,43,44,50,40,40,6,18,29,20,17,236,227,562,170,1230,1230,2145,1994,2081,1953,29988,29990,29993,29994,29994,29994,29994,29995]} 1. e4 e6 2. d4 d5 3. e5 c5 4. c3 Qb6 5. Nf3 Nc6 6. a3 Nh6 7. Bd3 Bd7 {[%cal Rc5d4] C02: French: Advance Variation} 8. O-O cxd4 9. b4 Rc8 {The position is equal.} 10. h3 dxc3 $146 ({Predecessor:} 10... Nf5 11. Bxf5 exf5 12. cxd4 a5 13. Nc3 Be6 14. Na4 Qb5 15. Nc5 axb4 16. axb4 {1-0 (43) Alekseenko,K (2636)-Lomasov,S (2541) Sochi 2019}) 11. Nxc3 Nd4 12. Be3 Nxf3+ 13. Qxf3 d4 14. Bxh6 $1 Rxc3 15. Bd2 Rc8 (15... Bc6 $11 {remains equal.} 16. Qg3 Rb3) 16. Rfc1 $16 {[%mdl 1024] White has strong compensation.} Bc6 17. Qg4 g6 {[#]} (17... h5 $142 18. Qg3 h4) 18. a4 ({White should play} 18. b5 $1 {[%cal Rb5c6][%mdl 512]} Bd7 (18... Bxb5 19. Bxb5+) 19. Rxc8+ Bxc8 20. Rc1) 18... h5 19. Qg3 Qd8 ({Wrong is} 19... Bxb4 $2 20. a5 $18) 20. b5 Bd5 21. Bg5 Be7 22. Bf6 (22. Rxc8 $16 Qxc8 23. Rc1 (23. Bxe7 Kxe7 24. Qh4+ Kf8 $14)) 22... Bxf6 $11 23. exf6 Kd7 24. Rxc8 (24. Qe5 $11) 24... Qxc8 $15 25. Qf4 ({Better is} 25. Qe5 $15) 25... Qc7 (25... Qc3 $17 26. Rd1 Rc8) 26. Qxd4 $11 Qb6 27. Qf4 Rc8 28. Rd1 Qd6 29. Qh6 Qf8 30. Qg5 {Hoping for Be4.} Ke8 31. Qe5 {b6! is the strong threat.} Kd7 32. Be4 Qd6 33. Qg5 $36 {[%mdl 2048] And now g4 would win. White has good play.} Rc5 $2 {[#]} (33... Rc4 $1 $11 {and Black stays safe.} 34. Bxd5 exd5) 34. Qh6 $1 $18 {Strongly threatening Bxg6!} Rc4 $2 {[#]} (34... Rc8 35. Qh7 Qf8 36. Bxg6 {[%mdl 64] Double Attack} Qg8) 35. Bf3 $2 (35. Bxg6 $1 {[%mdl 512]} Kc7 (35... fxg6 36. Qg7+) 36. Bxf7) 35... Rf4 $2 (35... Kc7) 36. Qg7 Kc7 37. Qxf7+ Kb6 38. Qe7 Qe5 39. Bxd5 {White mates.} Rxf6 40. Qxb7+ Ka5 41. Qxa7+ Kb4 42. Rb1+ {Accuracy: White = 64%, Black = 31%.} 1-0

[Event "Moscow Youth U19 2019"]
[Site "Moscow"]
[Date "2019.11.25"]
[Round "8.3"]
[White "Gurvich, Vitaly"]
[Black "Fedorov, Nikita"]
[Result "1/2-1/2"]
[WhiteElo "2265"]
[BlackElo "2133"]
[Annotator "TA"]
[PlyCount "80"]
[EventDate "2019.11.18"]
[EventType "swiss"]
[EventCountry "RUS"]
[SourceTitle "playchess.com"]
[Source "ChessBase"]
[SourceQuality "1"]

{[%evp 12,80,22,20,29,10,10,10,29,20,25,-37,-37,-35,-35,-36,-37,-37,-37,-37,-38,-38,-6,-45,-45,-45,-42,-47,-47,-46,-8,-37,-39,-41,-16,-24,0,0,0,0,0,0,17,14,14,14,14,0,14,14,18,14,14,-5,10,10,10,10,10,10,10,10,10,10,10,0,10,10,10,0,10]} 1. c4 e6 2. Nf3 b6 3. g3 Bb7 4. Bg2 f5 5. O-O Nf6 6. Nc3 Bb4 7. Qc2 O-O {A10: English Opening: Unusual Replies for Black} (7... a5 8. d3 Na6 9. Bd2 O-O 10. a3 Be7 11. Rae1 Qe8 12. e4 fxe4 13. dxe4 Qh5 14. h3 Nc5 15. Nd4 {1-0 (46) Banikas,H (2568)-Vallejo Pons,F (2711) Doha 2016}) 8. d3 Bxc3 9. Qxc3 d6 10. b4 Nbd7 11. Ng5 $146 (11. Bd2 $11) ({Predecessor:} 11. Bb2 Qe8 12. Qd2 {½-½ (27) Belz,B-Egelstaff,R ICCF email 2015}) 11... Bxg2 $15 12. Nxe6 Qe7 13. Nxf8 Bxf1 14. Nxd7 Bxe2 15. Nxf6+ Qxf6 16. d4 Qe6 17. d5 Qf6 18. Qxf6 gxf6 {[%mdl 4096] Endgame KRB-KRB} 19. c5 dxc5 20. bxc5 Rd8 21. cxb6 (21. d6 {looks sharper.} cxd6 22. cxb6 axb6 23. Bf4 b5 24. a4) 21... cxb6 22. Bb2 Rxd5 23. Bxf6 Rd1+ 24. Rxd1 {The position is equal.} Bxd1 $11 {KB-KB} 25. Kf1 b5 26. Ke1 Bf3 27. Bd4 a5 28. Bb6 a4 29. Bc5 Bd5 30. a3 h5 31. f4 Kf7 32. h4 Kg6 33. Kf2 Bc4 34. Ke3 Bd5 35. Kd4 Bc4 36. Bb4 Bf1 37. Ba5 Bc4 38. Bb4 Bf1 39. Bd6 Bc4 40. Bb4 Bf1 {Accuracy: White = 58%, Black = 61%.} 1/2-1/2